000 00609nam a22002417a 4500
005 20240726185833.0
008 170320b1988 cr ||||| |||| 00| 0 spa d
020 _a9977672911
041 _aESP
082 _a595.728 V297c
100 _aVargas Vargas, Mario
_941328
245 _aLa cucaracha: un curioso insecto
260 _aCosta Rica
260 _bEUCR
260 _c1995
300 _a89 páginas
505 _aInlcuye ilustraciones y fotografĂ­as
650 _aBLATTARIAS
650 _aCUCARACHAS
650 _aESPECIES COSTARRICENSES
650 _aPELIGROS PARA SALUD
942 _cBK
_2ddc
999 _c9079
_d9079